Mexico's Most Populous Cities (1900) Quiz Stats

 Plays Quiz not verified by Sporcle

Challenge
Share
Tweet
Embed
Score 0/20 Timer 04:00
1 Play Today
Rank City % Correct
1México City
99.6%
2Guadalajara
91.9%
5Monterrey
87.4%
3Puebla
81.8%
18Veracruz
75.3%
7Mérida
62.8%
4León
61.5%
17Chihuahua
57.5%
12Oaxaca
55.5%
6San Luis Potosí
53.8%
Rank City % Correct
19Toluca
51%
11Aguascalientes
49.4%
10Morelia
48.6%
13Querétaro
47.8%
16Durango
42.1%
8Guanajuato
40.5%
14Zacatecas
34%
9Pachuca
29.6%
20Celaya
12.6%
15Orizaba
10.9%

You're not logged in!

Compare scores with friends on all Sporcle quizzes.
OR
Log In

You Might Also Like...

Show Comments

Extras

Top Quizzes Today


Score Distribution

Your Account Isn't Verified!

In order to create a playlist on Sporcle, you need to verify the email address you used during registration. Go to your Sporcle Settings to finish the process.

Report this User

Report this user for behavior that violates our Community Guidelines.

Details: